[Event "74th Tata Steel GMA"]
[Site "Wijk aan Zee NED"]
[Date "2012.01.28"]
[Round "12"]
[White "Gelfand, Boris"]
[Black "Aronian, Levon"]
[Result "0-1"]
[WhiteTitle "GM"]
[BlackTitle "GM"]
[WhiteElo "2739"]
[BlackElo "2805"]
[Annotator "Michiel Abeln"]
[WhiteFideId "2805677"]
[BlackFideId "13300474"]
[EventDate "2012.01.14"]

1. d4 d5 2. c4 e6 3. Nc3 Be7 4. Bf4 Nf6 5. e3 O-O 6. a3 Nbd7 7. Nb5 Ne8 8. Nf3
c6 {Gelfand plays a sideline to play for a win} (8... a6) 9. Nc3 f5 ({Aronian
felt that} 9... g5 10. Bg3 f5 11. Qc1 {would be too optimistic}) 10. h3 (10. h4
{hard to tell which square for the h-pawn is better}) 10... Nd6 11. cxd5 (11.
Qb3 {was also a way to maintain the initiative}) 11... exd5 12. Bd3 Nf6 13. Ne5
Nfe4 14. O-O Nf7 {essential to remove the knight on e5} 15. Qc2 Bd6 16. Bh2 (
16. Nxf7 Rxf7 17. f3 Nxc3) 16... Nxe5 17. Bxe5 Bxe5 18. dxe5 a5 19. Na4 b5 {
this is not a good move} 20. Nc5 ({White is clearly better after} 20. Qxc6 Ra6
21. Qxb5 Rg6 (21... f4 {also doesn't work})) 20... Qe7 21. Rac1 Qxe5 22. f4 Qd6
$6 {Not the right square} 23. Bxe4 fxe4 24. Nb3 {missed by Aronian} Bd7 25. Qc5
Qg6 26. Kh2 h5 27. Nd4 Rac8 28. b4 (28. g3 {was also a good move}) 28... axb4
29. axb4 h4 30. Ne2 Rf6 {both players are playing for a win!} (30... d4 31.
Qxd4 Be6) 31. Ra1 Rcf8 32. Qe7 {I really liked his queen on e7 which is maybe
not a good thing} R8f7 33. Qd8+ Kh7 34. Rg1 {very strong, missed by Aronian}
Qh6 (34... d4 {was dismissed by Aronian because of} 35. g4 {but this might
still be playable for black}) 35. Ra7 (35. g4 hxg3+ 36. Rxg3 Re6) 35... Rf8 36.
Qc7 R6f7 37. Qe5 {Gelfand offered a draw and Aronian said no and really got
confused} Re8 38. Qc3 g5 39. Rf1 Qd6 40. Kg1 Ref8 41. Qc5 Qh6 (41... Qxc5 {
this will never win for black and Aronian didn't refuse the draw offer for
nothing}) 42. f5 Kg8 43. f6 (43. Nd4 g4 44. Rf4 gxh3 45. Rxd7 Qg5) 43... g4 44.
hxg4 h3 45. Nf4 hxg2 46. Kxg2 $4 {A big blunder by Gelfand, the normal outcome
would have been a draw} (46. Nxg2 Bxg4 (46... Rh7 47. Qd6 $1) 47. Rxf7 Rxf7 48.
Qxc6) 46... Qxf6 47. Kg3 Rh7 48. g5 Qxg5+ 49. Kf2 Rxf4+ 50. exf4 Rh2+ 51. Ke3
Qg3+ 52. Kd4 Qg7+ 53. Ke3 Rh3+ 0-1

[Event "74th Tata Steel GMA"]
[Site "Wijk aan Zee NED"]
[Date "2012.01.28"]
[Round "12"]
[White "Carlsen, Magnus"]
[Black "Kamsky, Gata"]
[Result "1/2-1/2"]
[WhiteTitle "GM"]
[BlackTitle "GM"]
[WhiteElo "2835"]
[BlackElo "2732"]
[Annotator "Michiel Abeln"]
[WhiteFideId "1503014"]
[BlackFideId "2000024"]
[EventDate "2012.01.14"]

1. e4 e5 2. Nf3 Nc6 3. Bb5 a6 4. Ba4 Nf6 5. O-O Be7 6. Re1 b5 7. Bb3 O-O 8. c3
d5 9. d4 dxe4 10. Nxe5 Bb7 11. Nxc6 {Carlsen's novelty over an old game of
Khalifman. However Carlsen spent quite some time on the move suggesting he was
already on his own.} (11. Nd2 Bd6 12. f4 exf3 13. Ndxf3 Nxe5 14. Nxe5 Bxe5 15.
dxe5 Qxd1 16. Rxd1 Ne4 17. Be3 Rae8 18. Rd7 Rxe5 19. Rxc7 Bd5 20. Bd4 Rf5 21.
Re1 Bxb3 22. axb3 Nd2 23. Bc5 Rd8 24. b4 {1/2-1/2 Khalifman,A (2688)-Adams,M 
(2742)/ Wijk aan Zee 2002/CBM 087}) 11... Bxc6 12. Bg5 Nd5 13. Bxe7 Qxe7 14.
Nd2 f5 15. f3 e3 16. c4 ({Both Kamsky and Carlsen agreed that} 16. f4 Kh8 17.
Bxd5 ({The engines have an improvement over what both players calculated:} 17.
Qf3 $1 Qf6 18. Bxd5 exd2 19. Red1 Bxd5 20. Qxd5 Rae8 21. Rxd2 {with a clear
advantage}) 17... Bxd5 18. Nf1 Qe4 19. Qf3 Qxf3 20. gxf3 Bxf3 21. Rxe3 Bd5 {
would give white a tiny edge}) 16... Nf4 17. cxb5+ Kh8 $1 {Carlsen admitted he
had missed this idea "I keep understimating my opponent's counterchances"} 18.
Nc4 e2 19. Qd2 Qg5 20. Rxe2 ({Carlsen calculated for a long time the lines
after} 20. g3 Nh3+ 21. Kg2 Bxf3+ 22. Kxf3 Qh5+ 23. Kg2 f4 24. Ne5 f3+ 25. Nxf3
Rxf3 26. Rxe2 Raf8 {but was not sure whether he had seen everything and
decided that the game continuation was safer}) 20... Nxe2+ 21. Qxe2 Bxb5 22.
Qe3 f4 23. Qe5 Qh4 24. Qe1 Qxe1+ 25. Rxe1 Bxc4 26. Bxc4 {Of course this
endgame is better for black, but both players felt that it was never winning}
c6 27. Re6 Rf6 28. Re4 a5 29. h4 Rd8 30. Re5 a4 31. Ra5 Rfd6 32. Rxa4 Rxd4 33.
b3 g6 34. Kh2 Kg7 35. Ra6 Rd2 36. a4 Rf2 37. Ra7+ Kh8 38. Kh3 h5 39. Rf7 Rdd2
40. Rxf4 Rxg2 41. Rf7 Rh2+ 42. Kg3 Rdg2+ 43. Kf4 Rxh4+ 44. Ke5 Rg5+ 45. Kf6
Rf5+ (45... Rg1 {was an alternative.}) 46. Kxg6 Rxf7 47. Bxf7 Rf4 48. Be6 Rxf3
49. Kxh5 Re3 50. Bc4 Kg7 51. Kg5 Re5+ 52. Kf4 Kf6 53. Bd3 Rh5 54. Be4 c5 55.
Bd3 Rh4+ 56. Ke3 Ke5 57. a5 Rh3+ 58. Ke2 Kd4 59. Bc4 1/2-1/2

[Event "74th Tata Steel GMA"]
[Site "Wijk aan Zee NED"]
[Date "2012.01.28"]
[Round "12"]
[White "Karjakin, Sergey"]
[Black "Gashimov, Vugar"]
[Result "1/2-1/2"]
[WhiteTitle "GM"]
[BlackTitle "GM"]
[WhiteElo "2769"]
[BlackElo "2761"]
[Annotator "Mark Crowther"]
[WhiteFideId "14109603"]
[BlackFideId "13400630"]
[EventDate "2012.01.14"]

1. d4 Nf6 2. c4 e6 3. Nf3 b6 4. g3 Ba6 5. b3 Bb4+ 6. Bd2 Be7 7. Nc3 O-O 8. e4
d5 9. cxd5 Bxf1 10. Kxf1 exd5 11. e5 Ne4 12. Kg2 Qd7 13. Qc2 Nxd2 14. Qxd2 Nc6
15. h4 Rac8 {Gashimov's surprise for Karjakin in an opening he hardly ever
plays. However Karjakin seemed well prepared for this. His idea is to keep the
knight on c6 for the moment where it pressurises d4.} (15... Nd8 16. Qd3 Ne6
17. Ng5 Bxg5 18. hxg5 Nxg5 19. f4 Ne4 20. Nxe4 dxe4 21. Qxe4 f5 22. exf6 {1/
2-1/2 Van Wely,L (2655)-Adams,M (2699)/London ENG 2009/The Week in Chess 771})
16. Rae1 Nd8 17. Ng5 Ne6 18. f4 c5 19. dxc5 Rxc5 20. Qd3 Bxg5 21. hxg5 Nxf4+
22. gxf4 Qg4+ 23. Kf2 Qxf4+ 24. Kg2 (24. Ke2 g6 {and Gashimov said that he is
winning the pawn on e5 which is the most important in the position.} 25. Qh3 (
25. Nxd5 Qxe5+ 26. Ne3 Re8) 25... h5 26. gxh6 Rfc8) 24... Qg4+ (24... Qxg5+ 25.
Kf3 g6 {and Gashimov wasn't sure about this position as the pawn on e5
survives and also there are ideas of b4 and Nxd5 for white which he didn't
like. Also the fact that he isn't playing well in Wijk aan Zee meant that he
decided taking the repetition was the best idea.}) 25. Kf2 Qf4+ 26. Kg2 Qg4+
27. Kf2 1/2-1/2

[Event "74th Tata Steel GMA"]
[Site "Wijk aan Zee NED"]
[Date "2012.01.28"]
[Round "12"]
[White "Topalov, Veselin"]
[Black "Giri, Anish"]
[Result "1-0"]
[WhiteTitle "GM"]
[BlackTitle "GM"]
[WhiteElo "2770"]
[BlackElo "2714"]
[Annotator "Mark Crowther"]
[WhiteFideId "2900084"]
[BlackFideId "24116068"]
[EventDate "2012.01.14"]

1. e4 e5 2. Nf3 Nf6 3. Nxe5 d6 4. Nf3 Nxe4 5. Nc3 Nxc3 6. dxc3 Be7 7. Be3 Nc6
8. Qd2 Be6 9. O-O-O Qd7 10. Kb1 Bf6 11. Bg5 Qe7 12. Bb5 a6 13. Bxc6+ (13. Ba4
b5 14. Bb3 Ne5 15. Bxf6 Nxf3 16. Qe3 Qxf6 17. Bd5 Rb8 18. Bc6+ Ke7 19. Qa7 Rhc8
20. Bxf3 Rb6 21. Bb7 Re8 22. Rhe1 Kf8 23. Bxa6 Qd8 24. a4 bxa4 25. Ka1 Qb8 26.
Qxb8 Rexb8 27. Bd3 Rxb2 28. Re4 Ra2# {0-1 Ivanchuk,V (2779)-Gashimov,V (2746)/
Monaco MNC 2011/The Week in Chess 853}) 13... bxc6 14. Qf4 Bxg5 15. Nxg5 O-O
16. Rde1 Qd7 17. f3 h6 18. Nxe6 fxe6 19. Qg4 Rf5 20. Re2 e5 21. Rd1 Qf7 22. Qb4
Qd7 23. Qa4 Kh8 24. c4 Qe8 25. Rd3 Rf4 26. Qa5 Qe7 27. c5 Rf6 28. Qc3 Qe8 29.
b3 Rb8 30. a4 Ra8 31. Re4 Qc8 32. Qd2 Qf8 33. Qa5 Qe7 34. Rde3 Qd7 35. Re1 Rf5
36. Qc3 Rd8 37. g3 Rf7 38. cxd6 cxd6 39. f4 exf4 40. gxf4 c5 (40... Kg8 41. Re6
{doesn't seem a lot better.}) 41. Re6 Rxf4 (41... Kg8 42. f5 {is unpleasant.})
42. Rxh6+ Kg8 43. Qd2 {Giri's position is very difficult now. Computers might
save it but practically white has a huge advantage.} Rf7 44. Rg1 c4 45. Qg5
Rdf8 (45... cxb3 46. Qh5 bxc2+ 47. Kc1 Rf1+ 48. Rxf1 gxh6 49. Rg1+ {doesn't
work for black.}) 46. Qh5 Rf1+ 47. Kb2 1-0

[Event "74th Tata Steel GMA"]
[Site "Wijk aan Zee NED"]
[Date "2012.01.28"]
[Round "12"]
[White "Radjabov, Teimour"]
[Black "Ivanchuk, Vassily"]
[Result "1/2-1/2"]
[WhiteTitle "GM"]
[BlackTitle "GM"]
[WhiteElo "2773"]
[BlackElo "2766"]
[Annotator "Michiel Abeln"]
[WhiteFideId "13400924"]
[BlackFideId "14100010"]
[EventDate "2012.01.14"]

1. d4 Nf6 2. c4 c5 3. d5 b5 4. cxb5 a6 5. b6 d6 6. Nc3 Nbd7 7. e4 g6 8. Nf3 Bg7
9. Be2 Nxb6 10. O-O O-O 11. a4 (11. Bf4 Ne8 12. h3 Nc7 13. Qd2 Bb7 14. Bh6 f5
15. Bxg7 Kxg7 16. b4 Nd7 17. bxc5 Nxc5 18. Qd4+ Kg8 19. e5 Rc8 20. Rad1 Ne8 21.
Rfe1 Ng7 22. Bf1 Rc7 23. Rc1 Qc8 24. exd6 exd6 25. Ng5 Re8 26. Qh4 Nh5 27.
Rxe8+ Qxe8 28. Qb4 Qe7 29. Nf3 Nf6 30. Re1 Qd7 31. Ng5 Rc8 32. Qd4 Qg7 33. Ne6
Nxe6 34. Rxe6 Nxd5 35. Qxg7+ Kxg7 36. Nxd5 Bxd5 37. Rxd6 Bxa2 38. Rxa6 Rc2 39.
g3 Rb2 40. Bg2 h5 41. h4 Rb1+ 42. Kh2 Rb2 43. Kg1 Bc4 44. Rc6 Be2 45. Rc7+ Kh6
46. Bd5 Rb8 47. Re7 Bd1 48. f4 Rd8 49. Bc4 Bc2 50. Kf2 Be4 51. Ke3 Rc8 52. Kd4
Bc2 53. Bd5 Rd8 54. Ke5 Bb1 55. Bf7 Bc2 56. Kf6 Bb1 57. Re8 Rd6+ 58. Re6 Rd8
59. Re8 Rd6+ 60. Be6 Kh7 61. Re7+ Kh6 62. Re8 Kh7 63. Kg5 Kg7 64. Rg8+ Kh7 65.
Rxg6 {1-0 Dreev,A (2670)-Topalov,V (2700)/Moscow 1996/CBM 052 ext}) 11... Bg4
12. a5 Bxf3 13. Bxf3 Nc4 14. Qa4 Ne5 15. Be2 Ne8 16. Bg5 ({Ivanchuk suggested} 
16. Ra3 Nc7 17. Rb3 Nd7 {but not clear this is more promising than the game})
16... Nc7 17. f4 Nd7 18. e5 f6 19. exf6 Bxf6 20. Bxf6 Nxf6 ({and now the game
could have continued with} 20... Nxf6 21. f5 g5 22. Ne4 h6 23. h4 Rb8 24. hxg5
Rb4 25. Nxf6+ exf6 26. Qc6 Rxb2 {and it's still a big fight.}) 1/2-1/2

[Event "74th Tata Steel GMA"]
[Site "Wijk aan Zee NED"]
[Date "2012.01.28"]
[Round "12"]
[White "Navara, David"]
[Black "Caruana, Fabiano"]
[Result "1/2-1/2"]
[WhiteTitle "GM"]
[BlackTitle "GM"]
[WhiteElo "2712"]
[BlackElo "2736"]
[Annotator "Mark Crowther"]
[WhiteFideId "309095"]
[BlackFideId "2020009"]
[EventDate "2012.01.14"]

1. e4 e5 2. Nf3 Nc6 3. Bb5 a6 4. Ba4 Nf6 5. O-O b5 6. Bb3 Bc5 7. c3 d6 8. d4
Bb6 9. Be3 O-O 10. Nbd2 h6 11. h3 Re8 12. Re1 Bd7 13. Bc2 Qb8 (13... Rb8 {1-0
Navara,D (2722)-Onischuk,A (2675)/Khanty-Mansiysk RUS 2011/The Week in Chess
878 (28)}) 14. a3 (14. Nf1 {1/2-1/2 Bologan,V (2665)-Ganguly,S (2625)/Melilla
ESP 2011/The Week in Chess 890 (87)}) 14... a5 15. Bd3 Qa7 16. Bxb5 exd4 17.
cxd4 Nxd4 18. Bxd7 Nxd7 19. Nxd4 Bxd4 20. Rc1 Bxe3 21. Rxe3 a4 22. Nf3 Rab8 23.
Rc2 Nc5 (23... Rb3 {was at least a possiblity here if Caruana was  worried
about the attack.}) 24. Nd4 Qb7 25. Nf5 {White's attack looks extremely
threatening over the board. It isn't clear whether it is as powerful as all
that though if black grabs the e-pawn he is pressurising.} g6 $2 {Losing a
pawn for nothing.} (25... Rxe4 {Looks like it may hold although white's attack
looks great.} 26. Rg3 Kf8 (26... g6 27. Qd2) 27. Rxg7 Rf4 28. Ng3 Kxg7 29. Nh5+
Kf8 30. Nxf4) 26. Nxh6+ Kg7 27. Ng4 Nb3 {Full scale panic.} (27... Rxe4 28. Qc1
{with an attack.}) 28. Rc4 Re6 29. Rxa4 {That's now two pawns.} c5 30. Rc4 Nd4
31. b4 (31. Rxd4 {Removing black's only active piece I would play in a blitz
game without hesitation. And here it indeed also seems best.} cxd4 32. Qxd4+ f6
33. b4 Ra8 34. Kh2 {was worth considering.}) 31... Rxe4 32. bxc5 dxc5 33. Rxc5
Rf4 34. Rd3 Rd8 35. Qa1 {White is now trying to get to time control and his
moves don't really contain any plan.} Kh7 36. Nf6+ Kg7 37. Ng4 Kh7 38. Qf1 $2 {
A mistake, fortunately it only costs Navara the draw rather than the whole
game.} (38. Re3) 38... Ne2+ 39. Qxe2 Qb1+ 40. Kh2 Qxd3 41. Qe7 Qd6 42. Qh4+ Kg7
43. Rc6 Qxc6 44. Qxd8 Qc5 45. Qd2 Qd4 46. Qc1 Rf5 47. Kg1 Rc5 48. Qh6+ Kg8 49.
Qe3 Qxe3 50. Nxe3 Rc3 {This ending where white has a pawn for the exchange and
the pawns are all on one side is drawn with best play.} 51. h4 Rxa3 52. g3 Kg7
53. Kg2 Kf6 54. Nd5+ Ke5 55. Nf4 Kf5 56. Nh3 Ra2 57. Kf3 f6 58. Nf4 Ra3+ 59.
Kg2 g5 60. hxg5 fxg5 61. Nd5 Ke5 62. Ne3 Ke4 63. Ng4 Ra2 64. Nf6+ Kf5 1/2-1/2

[Event "74th Tata Steel GMA"]
[Site "Wijk aan Zee NED"]
[Date "2012.01.28"]
[Round "12"]
[White "Nakamura, Hikaru"]
[Black "Van Wely, Loek"]
[Result "1-0"]
[WhiteTitle "GM"]
[BlackTitle "GM"]
[WhiteElo "2759"]
[BlackElo "2692"]
[Annotator "Mark Crowther"]
[WhiteFideId "2016192"]
[BlackFideId "1000268"]
[EventDate "2012.01.14"]

1. e4 c5 2. Nf3 Nc6 3. d4 cxd4 4. Nxd4 Nf6 5. Nc3 e5 6. Ndb5 d6 7. Bg5 a6 8.
Na3 b5 9. Nd5 Be7 10. Bxf6 Bxf6 11. c4 b4 12. Nc2 Rb8 13. b3 Bg5 14. g3 O-O 15.
Bg2 a5 16. O-O Ne7 17. h4 (17. Nxe7+) 17... Bh6 18. Nxe7+ {Exchanging knights
seems to be new.} (18. Nde3 g6 19. Qe2 Qb6 20. Rad1 Bb7 21. h5 Bg7 22. Rd2 Rbd8
23. Qg4 f5 24. exf5 Bxg2 25. Nxg2 gxh5 26. Qg5 Nxf5 27. Nge3 Nxe3 28. Nxe3 Kh8
29. Qxh5 Qa7 30. Kg2 Qf7 31. Qxf7 Rxf7 32. Rfd1 Bf8 33. c5 {1-0 Horvath,A 
(2486)-Hardicsay,P (2328)/Balatonlelle 2007/CBM 119 ext}) (18. Nce3 Bxe3 19.
Nxe3 Nc6 20. Qd3 Qe7 21. Rad1 Rd8 22. Nf5 Bxf5 23. exf5 Nd4 24. Bd5 Kh8 25. f4
f6 26. g4 Qa7 27. Kh1 a4 28. Ra1 Rb6 29. g5 Ra6 30. gxf6 axb3 31. Rg1 b2 32.
Qg3 Nxf5 33. Qg5 g6 34. Rab1 Rxa2 35. Be4 Qd7 36. Rg2 exf4 37. Kh2 Ra3 38.
Rbxb2 Ne3 39. f7 Kg7 40. Bxg6 h6 41. Qxf4 Nxg2 42. Qd4+ Kf8 43. Qh8+ Ke7 {1-0
Melia,S (2422)-Manakova,M (2299)/St Petersburg 2009/CBM 129 Extra}) 18... Qxe7
19. Qd5 Qc7 20. Rad1 Rd8 21. Kh2 Bg4 22. Rde1 Bd7 23. Qd3 Qc5 24. Rd1 Bc6 25.
Qe2 Ra8 26. Ne1 Qb6 27. Nd3 Qb7 28. Rfe1 g6 29. f3 Bg7 30. Nf2 h5 31. Rd3 Bh6
32. Red1 Qe7 33. Nh3 Rd7 34. Qf2 Rb8 35. Ng5 $1 {After both sides have
maneuvered for some time white now gets an initiative just at a time when van
Wely is in time pressure.} Bxg5 (35... a4 36. f4 Qf6 37. c5 $1) (35... Bf8 36.
Bh3 Rdd8 37. f4 exf4 38. Qxf4 Qe8 39. c5 $1) 36. hxg5 Qxg5 37. Bh3 Rc7 (37...
Rdd8 {is most natural but seems to lead to white's advantage too.} 38. Rxd6
Rxd6 39. Rxd6 Rd8 (39... Be8 40. f4 exf4 41. gxf4) 40. f4 exf4 41. Qxf4) 38.
Rxd6 Kg7 39. f4 exf4 40. gxf4 Qe7 {They reached move 40 and van Wely believes
he can only save this by some kind of miracle. His pieces are now not
co-ordinated.} 41. e5 a4 42. e6 axb3 43. axb3 Be8 44. f5 g5 45. Qd4+ f6 46. Bg2
h4 47. c5 Rbc8 48. c6 Rxc6 49. Bxc6 Rxc6 50. Rxc6 Bxc6 51. Qb6 Be8 52. Rc1 Kh6
53. Rc7 Qf8 54. Qd4 g4 55. Qf4+ 1-0